000 00964nam0a2200277 4500
001 RU\NLR\bibl\453871
005 20260406030711.0
010 _a5-699-03320-3
_95000
021 _aRU
_b2003-54234
_92632
035 _a(NLR Aleph) 000447482
090 _a852670
_c852670
100 _a20031031d2003 |||y0rusy50 ca
101 1 _arus
_ceng
102 _aRU
105 _aa |||||||||
200 1 _aОтветный удар
_e[Фантаст. роман]
_fГарри Тартлдав
_g[Пер. с англ. В. Гольдича]
210 _aМ.
_cЭксмо
_aСпб.
_cДомино
_d2003
215 _a715, [1] с.
_cил.
_d21
225 1 _aВоенная фантастика
_eMilitary science fiction
686 _aШ6(7США)67-445{Лх1979-62}
700 1 _4070
_8rus
_7ca
_aТертлдав
_bГ.
_f1949-
_gГарри
_3RU\NLR\auth\77955
_9110990
801 0 _aRU
_bNLR
_c20031031
_gPSBO
801 1 _aRU
_bNLR
_c20031031
942 _cBOOK
980 _aNB